000 01000nam a2200277Ia 4500
003 OSt
005 20221005110507.0
006 a|||||r|||| 00| 0
007 ta
008 221004b |||||||| |||| 00| 0 hin d
020 _a9788121407519 (hbk)
_cINR 375.00
024 _a41554
037 _b305, 25/02/2019, Eastern Book Linkers
_cTextual
040 _aCRL
_cCRL
_bhin
041 _2hin
_ahin
082 _aO152,6x, Q5
100 _aगुप्ता, अशोक, ले.
245 0 _aविचार का आवाहन
246 _aVichār kā āvāhana
260 _aनई दिल्ली
_bनेशनल पब्लिशिंग हाउस भारत
_c2015
300 _a161पृ0
_ccm.
650 _a हिन्दी साहित्य
650 _aहिन्दी निबंध
942 _hO152,6x, Q5
_cTEXL
_2cc
999 _c1019001
_d1019001